000 nam a22 7a 4500
999 _c7545
_d7545
008 170920b xxu||||| |||| 00| 0 eng d
100 _94066
_aBrandwein
245 _aConcepts in Science
260 _aNewyork
_bHarcourt Brace Jovanovich
_c1980